Jazykovedné, literárnovedné a didaktické kolokvium L-6 zborník vedeckých prác a vedeckých štúdií
Guardado en:
| Otros Autores: | , , , |
|---|---|
| Formato: | Libro |
| Lenguaje: | eslovaco inglés alemán francés checo |
| Publicado: |
Bratislava
Z-F LINGUA
2020
|
| Edición: | 1. vydanie |
| Materias: | |
| Etiquetas: |
Sin Etiquetas, Sea el primero en etiquetar este registro!
|
MARC
| LEADER | 00000nam a2200000 4500 | ||
|---|---|---|---|
| 001 | 0263585 | ||
| 005 | 20240822101708.6 | ||
| 020 | |a 978-80-8177-075-3 | ||
| 041 | 0 | |a slo | |
| 041 | 0 | |a eng | |
| 041 | 0 | |a ger | |
| 041 | 0 | |a fre | |
| 041 | 0 | |a cze | |
| 044 | |a SK | ||
| 245 | 1 | 0 | |a Jazykovedné, literárnovedné a didaktické kolokvium L-6 |b zborník vedeckých prác a vedeckých štúdií |c zostavil/Editor: Daniel Lančarič ; vedeckí redaktori a recenzenti: Lívia Adamcová, Richard Repka, Martina Šipošová |
| 250 | |a 1. vydanie | ||
| 264 | 1 | |a Bratislava |b Z-F LINGUA |c 2020 | |
| 300 | |a 240 s. | ||
| 610 | 2 | 0 | |a jazykoveda |
| 610 | 2 | 0 | |a literatúra |
| 610 | 2 | 0 | |a didaktika |
| 700 | 1 | |a Lančarič, Daniel | |
| 700 | 1 | |a Adamcová, Lívia | |
| 700 | 1 | |a Repka, Richard | |
| 700 | 1 | |a Šipošová, Martina | |